| 000 | 01047nam a22002775a 4500 | ||
|---|---|---|---|
| 003 | OSt | ||
| 005 | 20170305155515.0 | ||
| 008 | 170305s2012 ua frb 000 0 ara d | ||
| 015 | _22012 / 14381 | ||
| 020 | _a9789770470725 | ||
| 040 |
_aEG-Sc BUE _bara _cEG-Sc BUE |
||
| 043 | _af-ua--- | ||
| 082 | 0 | 4 |
_a346.6202 _bع ب د _222 |
| 100 | 1 | _aعبد الباري، رضا عبد الحليم عبد المجيد. | |
| 245 | 1 | 0 |
_aمصادر الالتزام / _cرضا عبد الحليم عبد المجيد عبد الباري |
| 250 | _aط . 1. | ||
| 260 |
_aالقاهرة : _bدار النهضة العربية، _c2012. |
||
| 300 |
_aمج. 1 (371 ص.) ؛ _c24 سم. |
||
| 504 | _aيشتمل على إرجاعات ببليوجرافية . | ||
| 505 | 2 | _aمج . 1. المصادر الإرادية للالتزام : العقد - الإدارة المنفردة . | |
| 610 | _2BUEsh | ||
| 650 | 7 |
_aالالتزامات _xقوانين وتشريعات _zمصر. _2BUEsh |
|
| 651 | _2BUEsh | ||
| 653 |
_bLLAAWW _cMarch2017 |
||
| 942 | _2ddc | ||
| 999 |
_c24326 _d24298 |
||